<?xml version="1.0" encoding="UTF-8"?>
<record
    xmlns:xsi="http://www.w3.org/2001/XMLSchema-instance"
    xsi:schemaLocation="http://www.loc.gov/MARC21/slim http://www.loc.gov/standards/marcxml/schema/MARC21slim.xsd"
    xmlns="http://www.loc.gov/MARC21/slim">

  <leader>03702njm a2200481Ia 4500</leader>
  <controlfield tag="001">F8867</controlfield>
  <controlfield tag="003">IT-RoPAU</controlfield>
  <controlfield tag="005">20220918181113.0</controlfield>
  <controlfield tag="008">131025s9999    xx            000 0 und d</controlfield>
  <datafield tag="040" ind1=" " ind2=" ">
    <subfield code="a">IT-RoPAU</subfield>
  </datafield>
  <datafield tag="040" ind1=" " ind2=" ">
    <subfield code="c">IT-RoPAU</subfield>
  </datafield>
  <datafield tag="041" ind1=" " ind2=" ">
    <subfield code="a">INGLESE</subfield>
  </datafield>
  <datafield tag="999" ind1=" " ind2=" ">
    <subfield code="c">99174</subfield>
    <subfield code="d">99174</subfield>
  </datafield>
  <datafield tag="999" ind1=" " ind2=" ">
    <subfield code="b">n.d.</subfield>
  </datafield>
  <datafield tag="100" ind1=" " ind2=" ">
    <subfield code="a">AA.VV.</subfield>
    <subfield code="9">794</subfield>
  </datafield>
  <datafield tag="100" ind1=" " ind2=" ">
    <subfield code="e">Autore musica</subfield>
    <subfield code="9">32830</subfield>
  </datafield>
  <datafield tag="100" ind1=" " ind2=" ">
    <subfield code="g">Codice autore musica SPICS: 12000</subfield>
    <subfield code="9">796</subfield>
  </datafield>
  <datafield tag="245" ind1=" " ind2=" ">
    <subfield code="a">Valley of Life</subfield>
  </datafield>
  <datafield tag="250" ind1=" " ind2=" ">
    <subfield code="a">1a ed.</subfield>
  </datafield>
  <datafield tag="260" ind1=" " ind2=" ">
    <subfield code="a">MILANO</subfield>
  </datafield>
  <datafield tag="260" ind1=" " ind2=" ">
    <subfield code="b">RUSCONI</subfield>
    <subfield code="c">1999 [1a Ed.:0]</subfield>
  </datafield>
  <datafield tag="300" ind1=" " ind2=" ">
    <subfield code="a">COMPACT DISC</subfield>
  </datafield>
  <datafield tag="300" ind1=" " ind2=" ">
    <subfield code="c">71 minuti (Testo: 0 pag.)</subfield>
  </datafield>
  <datafield tag="500" ind1=" " ind2=" ">
    <subfield code="a">Musica jazz. Cd fuori commercio allegato al n. 3 '99 della rivista "Musica jazz". Brani scelti di McCoy Tyner e di altri autori. Testimonianze degli anni '70. McCoy Tyner &#xE8; uno dei pianisti dominanti del jazz contemporaneo.</subfield>
  </datafield>
  <datafield tag="505" ind1=" " ind2=" ">
    <subfield code="a">A Prayer For My Family [(New York, gennaio 1972) (5:00)] - Nebula [(Montreux, jazz Festival, 7 luglio 1973) (10:00)] - In A Sentimental Mood [(Stati Uniti, tra settembre e ottobre 1978) (7:00)] - Afro Blue (New York, 9 aprile 1973) (10:00)] - I Mean You (Berkeley, 9 o 10 aprile 1977) (6:00)] - Blues For Basie [(New York, Blue Note, 25 o 26 novembre 1988) (10:00)] - Nubia [(Berkeley, fra 31 agosto e 3 settembre 1978) (9:00)] - Four By Five [(Berkeley, 11 o 12 aprile 1977) (6:00)] - Valley of Life [(New York, gennaio 1972) (6:00)]</subfield>
  </datafield>
  <datafield tag="511" ind1=" " ind2=" ">
    <subfield code="a">Pianoforte solo di McCoy Tyner.</subfield>
  </datafield>
  <datafield tag="511" ind1=" " ind2=" ">
    <subfield code="a">Mccoy Tyner: pianoforte; Ron Carter: contrabbasso;  Elvin Jones batteria</subfield>
  </datafield>
  <datafield tag="511" ind1=" " ind2=" ">
    <subfield code="a">Azar Lawrence: soprano; McCoy Tyner: pianoforte, percussione;  Joony Booth: contrabbasso; Alphonse Mouzon: batteria</subfield>
  </datafield>
  <datafield tag="511" ind1=" " ind2=" ">
    <subfield code="a">Sonny Rollins: tenore; McCoy Tyner: pianoforte</subfield>
  </datafield>
  <datafield tag="511" ind1=" " ind2=" ">
    <subfield code="a">Virgil Jones, Cecil Bridgewater e Jon Faddis: tromba; Garnettbrown e Dick Griffin: trombone; Kiane Zawadi: euphonium; Julius Watkins, Willie Ruff e William Warnick III: corno; Bob Srewart: tuba; Hubert Laws: flauto, ottavino; Sonny Fortune: flauto soprano; McCoy Tyner: pianoforte; Joony Booth: contrabbasso; Alphonse Mouzon: batteria; Sonny Morgan: percussione</subfield>
  </datafield>
  <datafield tag="511" ind1=" " ind2=" ">
    <subfield code="a">Mccoy Tyner: pianoforte; Ron Carter: contrabbasso; Tony Williams: batteria</subfield>
  </datafield>
  <datafield tag="511" ind1=" " ind2=" ">
    <subfield code="a">Virgil Jones, Earl Gardner e Kamau Adilifu: tromba; Steve Turre e Robin Eubanks: trombone; John Clark: corno; Howard Johnson: tuba; Joe Ford e Doug Harris: alto; Ricky Ford e Junior Cook: ten; McCoy Tyner: pianoforte; Avery Sharpe: contrabbasso; Louis Hayes: batteria; Steve Thornton: percussione</subfield>
  </datafield>
  <datafield tag="511" ind1=" " ind2=" ">
    <subfield code="a">Freddie Hubbard: tromba; Hubert Laws: flauto; Bennie Maupin: ten; Bobby Hutcherson: vib; McCoy Tyner: pianoforte; Stanley Clarke: contrabbasso; Jack Dejohnette: batteria; Bill Summers: congas, perc</subfield>
  </datafield>
  <datafield tag="511" ind1=" " ind2=" ">
    <subfield code="a">McCoy Tyner: pianoforte; Eddie Gomez: contrabbasso; Jack Dejohnette: batteria</subfield>
  </datafield>
  <datafield tag="511" ind1=" " ind2=" ">
    <subfield code="a">Sonny Fortune: flauto; McCoy Tyner: koto; Calvin Hill: contrabbasso, percussione; Alphonse Mouzon: batteria, percussione</subfield>
  </datafield>
  <datafield tag="650" ind1=" " ind2=" ">
    <subfield code="a">JAZZ [COMPACT DISC]</subfield>
    <subfield code="e">Codice MATERIA SPICS: 9949</subfield>
    <subfield code="9">11822</subfield>
  </datafield>
  <datafield tag="700" ind1=" " ind2=" ">
    <subfield code="a">Tyner Mccoy</subfield>
    <subfield code="e">Interprete</subfield>
    <subfield code="g">Codice interprete SPICS: 18869</subfield>
    <subfield code="9">32831</subfield>
  </datafield>
  <datafield tag="700" ind1=" " ind2=" ">
    <subfield code="a">Tyner McCoy</subfield>
    <subfield code="e">Autore musica</subfield>
    <subfield code="g">Codice autore musica SPICS: 18869</subfield>
    <subfield code="p">A Prayer For My Family - Nebula - Blues For Basie - Nubia - Four By Five - Valley of Life</subfield>
    <subfield code="9">32832</subfield>
  </datafield>
  <datafield tag="700" ind1=" " ind2=" ">
    <subfield code="a">Coltrane John William</subfield>
    <subfield code="e">Autore musica</subfield>
    <subfield code="g">Codice autore musica SPICS: 10732</subfield>
    <subfield code="p">Impressions</subfield>
    <subfield code="9">32833</subfield>
  </datafield>
  <datafield tag="700" ind1=" " ind2=" ">
    <subfield code="a">Ellington Duke</subfield>
    <subfield code="e">Autore musica</subfield>
    <subfield code="g">Codice autore musica SPICS: 13023</subfield>
    <subfield code="p">In A Sentimental Mood</subfield>
    <subfield code="9">32834</subfield>
  </datafield>
  <datafield tag="700" ind1=" " ind2=" ">
    <subfield code="a">Santamaria Mongo</subfield>
    <subfield code="e">Autore musica</subfield>
    <subfield code="g">Codice autore musica SPICS: 53130</subfield>
    <subfield code="p">Afro Blue</subfield>
    <subfield code="9">32835</subfield>
  </datafield>
  <datafield tag="700" ind1=" " ind2=" ">
    <subfield code="a">Monk Thelonious</subfield>
    <subfield code="e">Autore musica</subfield>
    <subfield code="g">Codice autore musica SPICS: 10795</subfield>
    <subfield code="p">I Mean You</subfield>
    <subfield code="9">32836</subfield>
  </datafield>
  <datafield tag="942" ind1=" " ind2=" ">
    <subfield code="c">CD</subfield>
    <subfield code="2">ddc</subfield>
  </datafield>
  <datafield tag="952" ind1=" " ind2=" ">
    <subfield code="0">0</subfield>
    <subfield code="1">0</subfield>
    <subfield code="4">0</subfield>
    <subfield code="6">F_8867_000000000000000</subfield>
    <subfield code="7">1</subfield>
    <subfield code="a">SPICS</subfield>
    <subfield code="b">SPICS</subfield>
    <subfield code="d">2013-10-25</subfield>
    <subfield code="l">0</subfield>
    <subfield code="o">F8867</subfield>
    <subfield code="r">2013-10-25 00:00:00</subfield>
    <subfield code="w">2013-10-25</subfield>
    <subfield code="y">CD</subfield>
    <subfield code="z">Progr. Ins.: 22666 / N.Vol.: 1 / Copie: 1 - Copia rara: n.d. / date import: 01.01.2014 - By Epidotti, Trombetti, Vaglietti</subfield>
  </datafield>
</record>
